00230nam a2200097Ia 4500008004100000041000800041082001400049100001500063245002800078260002600106231212s1974 xx 000 0 und d aeng a621.38804 aKireyev M. aSwitchgear Installation aMascowbMir Pubc1974